000 00569nam a2200217Ia 4500
005 20260429111938.0
008 260429s9999||||xx |||||||||||||| ||und||
020 _a9788196699246
041 _aEnglish
082 _a181
_bBES
100 _aBesant, Annie
245 0 _aThought power :
_bits control and culture /
_cAnnie Besant
250 _a1st ed.
260 _aChennai :
_bT R Publications,
_c2024.
300 _a145 p.; hb
650 _a Mind and behavior
650 _a Philosophy
650 _a Self-development
650 _aPsychology
942 _cTB
999 _c51554
_d51554